|
|
|
|
| LEADER |
00000nab a2200000 a 4500 |
| 001 |
vtls000067848 |
| 003 |
SK-MaSNL |
| 005 |
20260304234747.0 |
| 008 |
250422c1980 xo 0 slo |
| 015 |
|
|
|a SNBRB19rr/mm-uuuuu
|
| 035 |
|
|
|a CL0077948
|
| 035 |
|
|
|a urn:nbn:sk:snk-ab7iz5
|
| 035 |
|
|
|a (urnnbn)urn:nbn:sk:snk:ar-005xp7
|
| 035 |
|
|
|a (uuid)a59aca56-1110-483a-ba8f-96fc95d305ee
|
| 040 |
|
|
|a SNKBUCL
|b slo
|c SNKBUCL
|e AACR2
|
| 041 |
0 |
|
|a eng
|
| 044 |
|
|
|a xo
|c SK
|
| 080 |
|
|
|a 547
|2 1981
|
| 080 |
|
|
|a 542
|2 1981
|
| 080 |
|
|
|a 54
|2 1981
|
| 080 |
|
|
|a 543
|2 1981
|
| 100 |
1 |
|
|a Toman, Rudolf,
|d 1944-
|4 aut
|9 155529
|
| 245 |
1 |
0 |
|a Methylthiomethyl ethers of methyl .-L-rhamnopyranoside
|c R. Toman, V. Kováčik, M. Kubačková
|
| 300 |
|
|
|b Schéma 1. Res. angl., rus.
|
| 650 |
0 |
7 |
|a étery
|2 snkbucl
|9 177519
|
| 650 |
0 |
7 |
|a sacharidy
|2 SNKPH
|9 17039
|
| 650 |
0 |
7 |
|a katalyzátory
|2 snkbucl
|9 23530
|
| 650 |
0 |
7 |
|a spektroskopia
|2 snkbucl
|9 19810
|
| 655 |
|
7 |
|a články z novín a časopisov
|2 snkbucl
|9 267496
|
| 700 |
1 |
|
|a Kováčik, V.
|4 aut
|9 722828
|
| 700 |
1 |
|
|a Kubačková, M.
|4 aut
|9 985779
|
| 773 |
0 |
|
|t Chemické zvesti
|g Roč. 34, č. 2 (1980), s. 223-227
|
| 850 |
|
|
|a Slovenská národná knižnica
|
| 852 |
|
|
|a Slovenská národná knižnica
|
| 958 |
|
|
|a article7
|
| 958 |
|
|
|a RK
|
| 958 |
|
|
|a OND
|
| 958 |
|
|
|a EUIPO
|
| 992 |
|
|
|a RBX
|
| 999 |
|
|
|c 3205467
|d 3207397
|